000 00711nam a22002057a 4500
005 20231121145617.0
010 _aENG-118287
020 _a9780199467778
_c1195.00
035 _aEN-101819
037 _bDBAD/PUB
082 _a303.4840954
245 _aStaking claims:
_bthe politics of social movements in contemporary rural India/
_cEdited by Uday Chandra [and] Daniel Taghioff
260 _aNew Delhi
_bOxford University Press
_c2017
270 _aYMCA Library Building,1 Jai Singh Road
_b New Delhi
_e110001
300 _axi,374p.
_c23cm.(Hb)
500 _aIncludes index
700 _aUday Chandra
_957998
700 _aTaghioff,Daniel
_957999
942 _2ddc
_cEN
_h303.4840954
_mSTA
999 _c140237
_d140237